00410pab a2200157 454500008004000000100002300040245005700063260000900120300001000129362001100139650001800150650002900168650001400197650002100211773002000232180718b2001 xxu||||| |||| 00| 0 eng d aAltbach, Philip G. aHigher education and the WTO: globalization run amok c2001 ap.1-4 a10 Sep aGlobalization aWorld trade organization aEducation aHigher education aUniversity News